000 00747nam a2200205Ia 4500
005 20241129110146.0
008 241129s9999||||xx |||||||||||||| ||und||
037 _aTB
040 _aARTS
_bpun
_cARTS
041 _apun
_2pun
084 _aQ8441v 153R1
_qARTS
100 _aਕੋਠਾ, ਬਲਵੰਤ ਸਿੰਘ, ਚ।
245 0 _aਨਿਰਮਲ ਪੰਥ ਦਾ ਸੰਖੇਪ ਇਤਿਹਾਸ
_cਕੋਠਾ, ਬਲਵੰਤ ਸਿੰਘ, ਚ।
260 _aਬਠਿੰਡਾ, ਭਾਰਤ
_bਬਠਿੰਡਾ ਗਿਆਨੀ ਕੌਰ ਸਿੰਘ ਕੋਠਾ
_c2023
300 _a144ਪ੍ਰ0
365 _aINR
_b200
650 _aSikkhism
_9726471
942 _cTB
_hQ8441v 153R1
999 _c1227537
_d1227537